[Event "SVK-ch blitz"]
[Site "Poprad"]
[Date "2025.05.02"]
[Round "9"]
[White "Doci, Stefan"]
[Black "Bango, Lukas"]
[Result "0-1"]
[WhiteElo "2078"]
[BlackElo "2289"]
[PlyCount "108"]
[EventDate "2025.05.02"]
[EventType "swiss (blitz)"]
[EventRounds "13"]
[EventCountry "SVK"]
[SourceTitle "CB19_2025"]
[SourceDate "2025.05.07"]
[SourceVersion "1"]
[SourceVersionDate "2025.05.07"]
[SourceQuality "1"]

1. e4 c5 2. Nf3 g6 3. d4 cxd4 4. Nxd4 Bg7 5. Nc3 Nc6 6. Be3 Nf6 7. f3 0-0 8. Bc4 Qb6 9. Bb3 Nxe4 10. Nd5 Qa5+ 11. c3 Nc5 12. Nxc6 dxc6 13. Nxe7+ Kh8 14. Nxc8 Raxc8 15. 0-0 Rcd8 16. Qc2 Rfe8 17. Rfe1 Nxb3 18. axb3 Qb5 19. c4 Qb4 20. h3 h5 21. Kh1 a6 22. Bd2 Rxe1+ 23. Bxe1 Qd6 24. Bc3 Bd4 25. Rd1 c5 26. b4 b6 27. bxc5 bxc5 28. b4 Kh7 29. Bxd4 cxd4 30. c5 Qd5 31. Qd3 a5 32. bxa5 Qxc5 33. a6 Rd7 34. Rd2 Qa5 35. Rd1 Rd6 36. Kh2 Rxa6 37. Qxd4 Re6 38. Qd5 Qc3 39. Qd4 Qc2 40. Qd2 Qb3 41. Qd3 Qb8+ 42. Kh1 Qg3 43. Qd7 Rf6 44. Qd4 Rf5 45. Qg1 Rxf3 46. gxf3 Qxh3+ 47. Qh2 Qxf3+ 48. Qg2 Qxd1+ 49. Kh2 Qd6+ 50. Kg1 Qd4+ 51. Kh2 Qf4+ 52. Kh1 h4 53. Qd5 h3 54. Kg1 Qg3+ 0-1

[Event "SVK-chT1E 2425"]
[Site "Slovakia"]
[Date "2024.12.08"]
[Round "4.4"]
[White "Pastir, Stanislav"]
[Black "Doci, Stefan"]
[Result "0-1"]
[WhiteElo "2101"]
[BlackElo "2030"]
[PlyCount "118"]
[EventDate "2024.11.16"]
[EventType "team-tourn"]
[EventRounds "11"]
[EventCountry "SVK"]
[SourceTitle "CB51_2024"]
[SourceDate "2024.12.18"]
[SourceVersion "1"]
[SourceVersionDate "2024.12.18"]
[SourceQuality "1"]
[WhiteTeam "Kosice Slavia UPJS"]
[BlackTeam "Banska Bystrica Junior"]
[WhiteTeamCountry "SVK"]
[BlackTeamCountry "SVK"]

1. d4 c6 2. Nf3 d5 3. c4 e6 4. Nc3 Nf6 5. Bg5 Be7 6. e3 Nbd7 7. Qc2 0-0 8. Bd3 h6 9. Bh4 dxc4 10. Bxc4 b5 11. Bd3 Bb7 12. a3 a5 13. 0-0 b4 14. Na4 Ba6 15. Bxa6 Rxa6 16. Nc5 Nxc5 17. dxc5 Qa8 18. Rfd1 Qa7 19. Rac1 bxa3 20. bxa3 a4 21. Bg3 Ra5 22. Bd6 Nd5 23. e4 Bxd6 24. cxd6 Nf4 25. g3 Nh3+ 26. Kg2 Rh5 27. Rd4 e5 28. Rxa4 Qd7 29. Qxc6 Nf4+ 30. gxf4 Qh3+ 31. Kg1 Qxf3 32. Ra8 Rxa8 33. Qxa8+ Kh7 34. Qc8 exf4 35. Qc3 Rg5+ 36. Kf1 Qg2+ 37. Ke2 Qxe4+ 38. Kf1 Qg2+ 39. Ke2 Rd5 40. Qc2+ g6 41. Qc4 Qg4+ 42. Kf1 Qh3+ 43. Ke2 Qe6+ 44. Kf3 Qxd6 45. Rc3 g5 46. Qe4+ Kg7 47. Kg2 g4 48. Rc1 f3+ 49. Kf1 f5 50. Qc2 Qxh2 51. Qb2+ Qe5 52. Qxe5+ Rxe5 53. Ra1 h5 54. a4 Ra5 55. Ke1 h4 56. Kd2 f4 57. Rh1 h3 58. Rg1 g3 59. fxg3 f2 0-1

[Event "SVK-chT2C 2425"]
[Site "Slovakia"]
[Date "2024.11.10"]
[Round "2.3"]
[White "Doci, Stefan"]
[Black "Brhel, Jan"]
[Result "1/2-1/2"]
[WhiteElo "2030"]
[BlackElo "2036"]
[PlyCount "32"]
[EventDate "2024.11.09"]
[EventType "team-tourn"]
[EventRounds "11"]
[EventCountry "SVK"]
[SourceTitle "CB51_2024"]
[SourceDate "2024.12.18"]
[SourceVersion "1"]
[SourceVersionDate "2024.12.18"]
[SourceQuality "1"]
[WhiteTeam "Banska Bystrica PSK"]
[BlackTeam "Cadca Caissa II"]
[WhiteTeamCountry "SVK"]
[BlackTeamCountry "SVK"]

1. e4 e5 2. Nf3 Nc6 3. Bc4 Nf6 4. d3 h6 5. c3 d6 6. 0-0 g5 7. Nbd2 Bg7 8. a4 a6 9. b4 Qe7 10. Rb1 0-0 11. b5 axb5 12. axb5 Na5 13. b6 c5 14. Ba2 Be6 15. Bxe6 Qxe6 16. Re1 Nd7 1/2-1/2

[Event "SVK-chT2C 2425"]
[Site "Slovakia"]
[Date "2024.11.09"]
[Round "1.3"]
[White "Garban, Mario"]
[Black "Doci, Stefan"]
[Result "1/2-1/2"]
[WhiteElo "2143"]
[BlackElo "2030"]
[PlyCount "147"]
[EventDate "2024.11.09"]
[EventType "team-tourn"]
[EventRounds "11"]
[EventCountry "SVK"]
[SourceTitle "CB51_2024"]
[SourceDate "2024.12.18"]
[SourceVersion "1"]
[SourceVersionDate "2024.12.18"]
[SourceQuality "1"]
[WhiteTeam "Dunajov Martin III"]
[BlackTeam "Banska Bystrica PSK"]
[WhiteTeamCountry "SVK"]
[BlackTeamCountry "SVK"]

1. e4 c6 2. Ne2 d5 3. e5 c5 4. d4 cxd4 5. Nxd4 e6 6. f4 g6 7. c3 h5 8. Nd2 Nc6 9. N2f3 Nh6 10. Be3 Nf5 11. Nxf5 gxf5 12. h4 Qc7 13. Be2 Na5 14. Bd4 Bd7 15. Ng5 Be7 16. Bxh5 Bxg5 17. hxg5 0-0-0 18. Kf2 Bb5 19. b3 Nc6 20. a4 Ba6 21. Qd2 Kb8 22. Rh3 Rc8 23. Rah1 Qe7 24. Be2 Rxh3 25. gxh3 Bxe2 26. Kxe2 Qa3 27. Rb1 Rh8 28. Qc1 Qxc1 29. Rxc1 Nxd4+ 30. cxd4 Rxh3 31. Rg1 Rxb3 32. g6 fxg6 33. Rxg6 Rb6 34. Rg8+ Kc7 35. Rg7+ Kd8 36. a5 Ra6 37. Rxb7 Rxa5 38. Kd2 Ra4 39. Kd3 Ra3+ 40. Ke2 Kc8 41. Re7 Ra6 42. Kf2 Kd8 43. Rb7 Ra3 44. Ke2 Ke8 45. Rh7 a5 46. Ra7 a4 47. Kf2 Ra2+ 48. Kg3 a3 49. Kh4 Rg2 50. Rxa3 Rg4+ 51. Kh5 Rxf4 52. Kg5 Rxd4 53. Kf6 Kd7 54. Ra7+ Kc6 55. Kxe6 f4 56. Ra3 Kc5 57. Kf5 Re4 58. Rf3 Re1 59. Kxf4 d4 60. Ra3 Kc4 61. Ra4+ Kc3 62. Ra8 d3 63. Rc8+ Kb2 64. Rb8+ Kc2 65. Rc8+ Kd1 66. Kf5 d2 67. Rd8 Re3 68. Kf6 Ke2 69. e6 d1Q 70. Rxd1 Kxd1 71. e7 Kd2 72. Kf7 Kd3 73. e8R Rxe8 74. Kxe8 1/2-1/2

[Event "SVK-ch U2300"]
[Site "Liptovsky Jan"]
[Date "2024.06.17"]
[Round "5"]
[White "Prochazka, Michal"]
[Black "Doci, Stefan"]
[Result "1/2-1/2"]
[WhiteElo "1882"]
[BlackElo "2027"]
[PlyCount "73"]
[EventDate "2024.06.15"]
[EventType "swiss"]
[EventRounds "8"]
[EventCountry "SVK"]
[SourceTitle "CBM 220 Extra"]
[Source "ChessBase"]
[SourceDate "2024.07.31"]
[SourceVersion "1"]
[SourceVersionDate "2024.07.31"]
[SourceQuality "1"]

1. d4 c6 2. c4 d5 3. Nf3 Nf6 4. Nc3 e6 5. Bg5 Be7 6. e3 Nbd7 7. Qc2 0-0 8. Bd3 h6 9. Bf4 dxc4 10. Bxc4 b5 11. Bd3 Bb7 12. 0-0 a6 13. e4 c5 14. e5 Nh5 15. Be3 cxd4 16. Bxd4 Bxf3 17. gxf3 Qc7 18. Kh1 Nxe5 19. Nd5 Qd6 20. Nxe7+ Kh8 21. Bxe5 Qxe5 22. Be4 Rae8 23. Nc6 Qf4 24. Qc5 f5 25. Ne7 Rxe7 26. Qxe7 fxe4 27. Rg1 Qxf3+ 28. Rg2 Rf7 29. Qe8+ Kh7 30. Rag1 Nf4 31. Qxf7 Nxg2 32. Qxf3 exf3 33. Rd1 Nf4 34. Rd6 a5 35. Kg1 Kg6 36. Rb6 Ne2+ 37. Kf1 1/2-1/2

[Event "SVK-ch U2300"]
[Site "Liptovsky Jan"]
[Date "2024.06.16"]
[Round "3"]
[White "Holicky, Miroslav"]
[Black "Doci, Stefan"]
[Result "0-1"]
[WhiteElo "1862"]
[BlackElo "2027"]
[PlyCount "72"]
[EventDate "2024.06.15"]
[EventType "swiss"]
[EventRounds "8"]
[EventCountry "SVK"]
[SourceTitle "CBM 220 Extra"]
[Source "ChessBase"]
[SourceDate "2024.07.31"]
[SourceVersion "1"]
[SourceVersionDate "2024.07.31"]
[SourceQuality "1"]

1. d4 c6 2. e4 d5 3. exd5 cxd5 4. c4 e6 5. Nf3 Nf6 6. Nc3 Be7 7. Be2 a6 8. c5 Nc6 9. a3 Ne4 10. Qc2 f5 11. h4 Bf6 12. Qd3 0-0 13. Bf4 Nxd4 14. Nxd4 e5 15. Nc2 Nxc3 16. bxc3 exf4 17. 0-0 Be6 18. Rab1 Qc7 19. Rb6 Bf7 20. Rfb1 Qxc5 21. Nd4 Rac8 22. R1b3 Rc7 23. Rxb7 Rxb7 24. Rxb7 Qxa3 25. Bf3 Bxh4 26. Rxf7 Qc1+ 27. Kh2 Rxf7 28. Bxd5 Bxf2 29. Bxf7+ Kf8 30. Ne6+ Kxf7 31. Qxf5+ Ke7 32. Qe4 Bg3+ 33. Kh3 Qh1+ 34. Kg4 Qh4+ 35. Kf5 Qf6+ 36. Kg4 Qxe6+ 0-1

[Event "SVK-chT2C 2324"]
[Site "Slovakia"]
[Date "2024.03.16"]
[Round "10.2"]
[White "Milovnik, Juraj"]
[Black "Doci, Stefan"]
[Result "1/2-1/2"]
[WhiteElo "1914"]
[BlackElo "2024"]
[PlyCount "111"]
[EventDate "2023.10.07"]
[EventType "team-tourn"]
[EventRounds "11"]
[EventCountry "SVK"]
[SourceTitle "EXT 2025"]
[Source "ChessBase"]
[SourceDate "2024.10.14"]
[SourceVersion "1"]
[SourceVersionDate "2024.10.14"]
[SourceQuality "1"]
[WhiteTeam "Zilina DMS"]
[BlackTeam "Banska Bystrica PSK"]
[WhiteTeamCountry "SVK"]
[BlackTeamCountry "SVK"]

1. Nf3 c5 2. g3 Nf6 3. Bg2 d5 4. 0-0 Bf5 5. d4 e6 6. c4 Nc6 7. Nc3 Be7 8. dxc5 dxc4 9. Qa4 Qa5 10. Qxc4 Qxc5 11. Qb5 Qxb5 12. Nxb5 0-0 13. Bf4 a6 14. Nbd4 Be4 15. Nxc6 Bxc6 16. Rfd1 Rfd8 17. Bc7 Rxd1+ 18. Rxd1 Rc8 19. Ba5 Bd5 20. Nd4 Ne4 21. Bb6 Bf6 22. b3 Nc3 23. Rd2 Bxg2 24. Kxg2 Nd5 25. Ba7 h5 26. e4 Nc3 27. Kf3 g5 28. h3 Rd8 29. Rc2 g4+ 30. hxg4 hxg4+ 31. Kxg4 Nxe4 32. Ne2 Be5 33. f4 f5+ 34. Kf3 Rd3+ 35. Kg2 Bd6 36. Bf2 Kf7 37. Be1 Bc5 38. Nc3 Bb4 39. Nxe4 Bxe1 40. Ng5+ Ke7 41. Nf3 Ba5 42. Ne5 Rd1 43. Nc4 Bb4 44. Ne5 Rd2+ 45. Rxd2 Bxd2 46. Kf3 b5 47. g4 fxg4+ 48. Nxg4 Kd6 49. Ke4 Kc5 50. Ne5 Kb4 51. Nd3+ Ka3 52. Nc5 Kxa2 53. Nxa6 Kxb3 54. Nc7 b4 55. Na6 Bc3 56. f5 1/2-1/2

[Event "SVK-chT2C 2324"]
[Site "Slovakia"]
[Date "2023.12.03"]
[Round "6.1"]
[White "Doci, Stefan"]
[Black "Urhegyi, Marton"]
[Result "1/2-1/2"]
[WhiteElo "2024"]
[BlackElo "2254"]
[PlyCount "92"]
[EventDate "2023.10.07"]
[EventType "team-tourn"]
[EventRounds "11"]
[EventCountry "SVK"]
[SourceTitle "EXT 2025"]
[Source "ChessBase"]
[SourceDate "2024.10.14"]
[SourceVersion "1"]
[SourceVersionDate "2024.10.14"]
[SourceQuality "1"]
[WhiteTeam "Banska Bystrica PSK"]
[BlackTeam "Cebovce II"]
[WhiteTeamCountry "SVK"]
[BlackTeamCountry "SVK"]

1. e4 e6 2. d4 d5 3. exd5 exd5 4. Nf3 Bd6 5. Bd3 Bg4 6. 0-0 Ne7 7. Re1 Qd7 8. Nbd2 Nbc6 9. c3 Bf5 10. Bxf5 Qxf5 11. Nf1 0-0 12. Ng3 Qd7 13. Qd3 f6 14. Bd2 a5 15. a4 Nd8 16. c4 Bxg3 17. hxg3 dxc4 18. Qxc4+ Nd5 19. b4 Kh8 20. bxa5 Nc6 21. Qb5 Qd6 22. Rac1 Rfd8 23. Rc5 Nce7 24. Qd3 Qd7 25. Rb5 c6 26. Rb2 Nf5 27. g4 Nd6 28. g5 Rf8 29. g6 h6 30. Nh4 Qg4 31. Qh3 Qxh3 32. gxh3 Nc4 33. Rc2 Nxd2 34. Rxd2 Rxa5 35. Rb1 b6 36. Rc1 Rc8 37. Re2 Nf4 38. Re4 Rg5+ 39. Kh2 Nd3 40. Rxc6 Rf8 41. Rxb6 Nxf2 42. Re2 Nd3 43. Rb5 Nf4 44. Re4 Rc8 45. Rc5 Rb8 46. Rb5 Rc8 1/2-1/2

[Event "SVK-chT2C 2324"]
[Site "Slovakia"]
[Date "2023.12.02"]
[Round "5.2"]
[White "Budinsky, Martin"]
[Black "Doci, Stefan"]
[Result "1-0"]
[WhiteElo "2066"]
[BlackElo "2024"]
[PlyCount "103"]
[EventDate "2023.10.07"]
[EventType "team-tourn"]
[EventRounds "11"]
[EventCountry "SVK"]
[SourceTitle "EXT 2025"]
[Source "ChessBase"]
[SourceDate "2024.10.14"]
[SourceVersion "1"]
[SourceVersionDate "2024.10.14"]
[SourceQuality "1"]
[WhiteTeam "Detva"]
[BlackTeam "Banska Bystrica PSK"]
[WhiteTeamCountry "SVK"]
[BlackTeamCountry "SVK"]

1. e4 c6 2. d4 d5 3. exd5 cxd5 4. Bd3 Nf6 5. h3 Nc6 6. c3 e5 7. dxe5 Nxe5 8. Qe2 Qe7 9. Bc2 Bd7 10. Bf4 Nc6 11. Qxe7+ Bxe7 12. Nf3 0-0 13. Nbd2 b5 14. 0-0 b4 15. Rfe1 Rfe8 16. Ne5 bxc3 17. bxc3 Nxe5 18. Bxe5 Be6 19. Rab1 Rec8 20. Bd3 Nd7 21. Bd4 Nc5 22. Bc2 Bd6 23. Nf3 h6 24. Ne5 Ne4 25. Rb3 a5 26. a4 f5 27. f3 Bc5 28. Bxc5 Nxc5 29. Rb6 Rab8 30. Reb1 Rxb6 31. Rxb6 Rc7 32. Kf2 g5 33. Ke3 Kg7 34. Kd4 Kf6 35. g4 fxg4 36. hxg4 Ke7 37. Nc6+ Kd6 38. Nxa5+ Kd7 39. Rb5 Na6 40. Bd3 Ra7 41. Rb7+ Rxb7 42. Nxb7 Nc7 43. Kc5 Na8 44. a5 Kc7 45. Nd6 Bd7 46. Bf5 Bc6 47. Be6 d4 48. cxd4 Bxf3 49. d5 Kb8 50. Nb5 Kb7 51. d6 Bc6 52. a6+ 1-0

[Event "SVK-chT2C 2324"]
[Site "Slovakia"]
[Date "2023.10.08"]
[Round "2.2"]
[White "Durnik, Stefan"]
[Black "Doci, Stefan"]
[Result "0-1"]
[WhiteElo "1999"]
[BlackElo "2024"]
[PlyCount "74"]
[EventDate "2023.10.07"]
[EventType "team-tourn"]
[EventRounds "11"]
[EventCountry "SVK"]
[SourceTitle "EXT 2025"]
[Source "ChessBase"]
[SourceDate "2024.10.14"]
[SourceVersion "1"]
[SourceVersionDate "2024.10.14"]
[SourceQuality "1"]
[WhiteTeam "Martin Medea"]
[BlackTeam "Banska Bystrica PSK"]
[WhiteTeamCountry "SVK"]
[BlackTeamCountry "SVK"]

1. e4 c6 2. d4 d5 3. Nd2 dxe4 4. Nxe4 Nf6 5. Nc5 e5 6. Nb3 exd4 7. Qxd4 Qxd4 8. Nxd4 Bc5 9. Ngf3 0-0 10. h3 Re8+ 11. Be2 Nbd7 12. c3 Nf8 13. b4 Bb6 14. 0-0 Nd5 15. Bb2 Ng6 16. Rfe1 Bd7 17. Bc4 Ngf4 18. Ne5 Bxd4 19. cxd4 Be6 20. a3 Nb6 21. Bxe6 Rxe6 22. Red1 f6 23. Nf3 Nc4 24. Rab1 Re2 25. Bc1 Nd5 26. Rd3 Rae8 27. Kf1 Ra2 28. Ng1 Rc2 29. g3 Nc3 30. Ra1 Ne4 31. Ne2 Nxf2 32. Kxf2 Rexe2+ 33. Kf3 Rf2+ 34. Kg4 g5 35. h4 h6 36. hxg5 fxg5 37. d5 Ne5+ 0-1